000 00688nam a22001817a 4500
003 UA-OsUOA
001 15781
007 ta
008 20031208b un ||||| |||| 00| 0 ukr d
100 _aДашкель О.
942 _cSA
040 _aUA-OsUOA
_cUA-OsUOA
_dUA-OsUOA
245 _a"Роде наш красний , роде прекрасний..."
_b[Таку назву мало свято , що відбулося в с.Загораща Корнин. сіл. ради Рівнен. р-ну]
300 _aС.2
955 _a0
773 0 _w0
_tВісті Рівненщини
_dРівне
_d2003
_g№96/97/21 листоп./
650 7 _aКраєзнавча робота
_2UDC
999 _c301946
_d301946